[Event "POHÁR města Říčany 2023"]
[Site "Městské kulturní středisko U labutě"]
[Date "2023.08.28"]
[Round "4.1"]
[White "Neuman, Petr"]
[Black "Seidl, Jan"]
[Result "1-0"]
[WhiteFideId "305243"]
[BlackFideId "23714522"]
[WhiteElo "2370"]
[BlackElo "2163"]
[PlyCount "0"]
[EventDate "2023.08.26"]

1. e4 {[%clk 01:30:51]} {[%emt 00:00:08]} e5 {[%clk 01:30:55]} {[%emt
00:00:05]} 2. Nf3 {[%clk 01:31:16]} {[%emt 00:00:05]} Nc6 {[%clk 01:31:18]}
{[%emt 00:00:07]} 3. d4 {[%clk 01:31:41]} {[%emt 00:00:05]} exd4 {[%clk
01:31:39]} {[%emt 00:00:10]} 4. Nxd4 {[%clk 01:32:06]} {[%emt 00:00:05]} Bc5
{[%clk 01:31:08]} {[%emt 00:01:01]} 5. Nb3 {[%clk 01:32:24]} {[%emt 00:00:12]}
Bb6 {[%clk 01:31:07]} {[%emt 00:00:31]} 6. Nc3 {[%clk 01:32:37]} {[%emt
00:00:15]} Nf6 {[%clk 01:22:59]} {[%emt 00:08:40]} 7. Bg5 {[%clk 01:33:00]}
{[%emt 00:00:07]} d6 {[%clk 01:23:16]} {[%emt 00:00:14]} 8. Qe2 {[%clk
01:32:17]} {[%emt 00:01:13]} h6 {[%clk 01:19:24]} {[%emt 00:04:22]} 9. Bh4
{[%clk 01:32:11]} {[%emt 00:00:36]} g5 {[%clk 01:18:47]} {[%emt 00:01:06]} 10.
Bg3 {[%clk 01:32:35]} {[%emt 00:00:05]} Be6 {[%clk 01:16:35]} {[%emt 00:02:42]}
11. h4 {[%clk 01:26:34]} {[%emt 00:06:31]} g4 {[%clk 01:15:18]} {[%emt
00:01:47]} 12. h5 {[%clk 01:26:36]} {[%emt 00:00:28]} Qe7 {[%clk 01:04:50]}
{[%emt 00:10:59]} 13. O-O-O {[%clk 01:26:11]} {[%emt 00:00:55]} Ne5 {[%clk
00:54:09]} {[%emt 00:11:11]} 14. Bh4 {[%clk 01:20:05]} {[%emt 00:06:36]} O-O-O
{[%clk 00:52:46]} {[%emt 00:01:53]} 15. Qd2 {[%clk 01:12:09]} {[%emt 00:08:26]}
Ned7 {[%clk 00:44:52]} {[%emt 00:08:25]} 16. Nd4 {[%clk 00:55:48]} {[%emt
00:16:50]} Qf8 {[%clk 00:38:29]} {[%emt 00:06:52]} 17. f3 {[%clk 00:38:31]}
{[%emt 00:17:47]} Qg7 {[%clk 00:33:59]} {[%emt 00:05:01]} 18. Na4 {[%clk
00:38:09]} {[%emt 00:00:51]} Rde8 {[%clk 00:30:40]} {[%emt 00:03:48]} 19. Nxb6+
{[%clk 00:38:10]} {[%emt 00:00:29]} axb6 {[%clk 00:31:04]} {[%emt 00:00:07]} 20.
Qc3 {[%clk 00:36:03]} {[%emt 00:02:37]} Nxh5 {[%clk 00:29:33]} {[%emt
00:02:01]} 21. Qa3 {[%clk 00:35:25]} {[%emt 00:01:07]} Qe5 {[%clk 00:26:40]}
{[%emt 00:03:23]} 22. Nb5 {[%clk 00:33:29]} {[%emt 00:02:27]} Nc5 {[%clk
00:26:30]} {[%emt 00:00:41]} 23. Kb1 {[%clk 00:26:10]} {[%emt 00:07:48]} Kd7
{[%clk 00:24:04]} {[%emt 00:02:56]} 24. Qe3 {[%clk 00:21:33]} {[%emt 00:05:06]}
Ra8 {[%clk 00:23:00]} {[%emt 00:01:34]} 25. b3 {[%clk 00:22:02]} {[%emt
00:00:02]} g3 {[%clk 00:19:13]} {[%emt 00:04:17]} 26. Qd4 {[%clk 00:15:35]}
{[%emt 00:06:57]} Qxd4 {[%clk 00:18:39]} {[%emt 00:01:05]} 27. Nxd4 {[%clk
00:15:58]} {[%emt 00:00:06]} Rae8 {[%clk 00:15:48]} {[%emt 00:03:21]} 28. e5
{[%clk 00:10:49]} {[%emt 00:05:40]} d5 {[%clk 00:14:38]} {[%emt 00:01:40]} 29.
c4 {[%clk 00:08:31]} {[%emt 00:02:48]} c6 {[%clk 00:14:39]} {[%emt 00:00:28]}
30. cxd5 {[%clk 00:07:07]} {[%emt 00:01:54]} Bxd5 {[%clk 00:14:50]} {[%emt
00:00:20]} 31. Nf5 {[%clk 00:07:23]} {[%emt 00:00:14]} Rxe5 {[%clk 00:13:59]}
{[%emt 00:01:21]} 32. Nxg3 {[%clk 00:07:51]} {[%emt 00:00:02]} Kc8 {[%clk
00:13:14]} {[%emt 00:01:16]} 33. Ne2 {[%clk 00:07:41]} {[%emt 00:00:41]} Rhe8
{[%clk 00:09:53]} {[%emt 00:03:51]} 34. Nc3 {[%clk 00:08:09]} {[%emt 00:00:02]}
Be6 {[%clk 00:09:36]} {[%emt 00:00:46]} 35. Kb2 {[%clk 00:07:40]} {[%emt
00:00:59]} Nf4 {[%clk 00:07:05]} {[%emt 00:03:02]} 36. Bg3 {[%clk 00:06:05]}
{[%emt 00:02:05]} Rh5 {[%clk 00:07:04]} {[%emt 00:00:30]} 37. Rxh5 {[%clk
00:05:38]} {[%emt 00:00:57]} Nxh5 {[%clk 00:07:29]} {[%emt 00:00:05]} 38. Bf2
{[%clk 00:05:15]} {[%emt 00:00:23]} Nf6 {[%clk 00:07:15]} {[%emt 00:00:45]} 39.
Rd4 {[%clk 00:05:35]} {[%emt 00:00:41]} Rd8 {[%clk 00:05:58]} {[%emt 00:01:47]}
40. Kc1 {[%clk 00:03:53]} {[%emt 00:02:12]} Rxd4 {[%clk 00:05:31]} {[%emt
00:00:57]} 41. Bxd4 {[%clk 00:04:22]} {[%emt 00:00:01]} Nd5 {[%clk 00:05:50]}
{[%emt 00:00:11]} 42. Kd2 {[%clk 00:04:12]} {[%emt 00:00:41]} h5 {[%clk
00:05:45]} {[%emt 00:00:35]} 43. Nxd5 {[%clk 00:02:12]} {[%emt 00:02:30]} Bxd5
{[%clk 00:06:11]} {[%emt 00:00:04]} 44. Ke3 {[%clk 00:02:38]} {[%emt 00:00:04]}
Kd7 {[%clk 00:05:56]} {[%emt 00:00:45]} 45. g3 {[%clk 00:02:47]} {[%emt
00:00:21]} Kd6 {[%clk 00:04:38]} {[%emt 00:01:48]} 46. Be2 {[%clk 00:03:03]}
{[%emt 00:00:14]} f5 {[%clk 00:02:58]} {[%emt 00:02:10]} 47. Bc3 {[%clk
00:03:32]} {[%emt 00:00:01]} Ne6 {[%clk 00:01:48]} {[%emt 00:01:40]} 48. Bd3
{[%clk 00:04:00]} {[%emt 00:00:02]} f4+ {[%clk 00:01:32]} {[%emt 00:00:46]} 49.
gxf4 {[%clk 00:04:25]} {[%emt 00:00:04]} h4 {[%clk 00:01:59]} {[%emt 00:00:04]}
50. Bf1 {[%clk 00:03:52]} {[%emt 00:01:02]} Ke7 {[%clk 00:01:55]} {[%emt
00:00:34]} 51. Be1 {[%clk 00:04:15]} {[%emt 00:00:08]} Ng7 {[%clk 00:02:14]}
{[%emt 00:00:12]} 52. Bxh4+ {[%clk 00:04:32]} {[%emt 00:00:12]} Ke6 {[%clk
00:02:29]} {[%emt 00:00:15]} 53. Bd8 {[%clk 00:03:46]} {[%emt 00:01:16]} Nf5+
{[%clk 00:02:45]} {[%emt 00:00:14]} 54. Kd3 {[%clk 00:02:35]} {[%emt 00:01:40]}
b5 {[%clk 00:03:02]} {[%emt 00:00:14]} 55. Be2 {[%clk 00:02:53]} {[%emt
00:00:11]} Ng3 {[%clk 00:02:54]} {[%emt 00:00:38]} 56. Bd1 {[%clk 00:03:10]}
{[%emt 00:00:13]} Nh5 {[%clk 00:02:25]} {[%emt 00:00:59]} 57. Ke3 {[%clk
00:03:09]} {[%emt 00:00:32]} Ng7 {[%clk 00:02:05]} {[%emt 00:00:50]} 58. Kd4
{[%clk 00:02:41]} {[%emt 00:00:58]} Kd6 {[%clk 00:02:30]} {[%emt 00:00:05]} 59.
Bf6 {[%clk 00:02:58]} {[%emt 00:00:13]} Nf5+ {[%clk 00:02:46]} {[%emt
00:00:14]} 60. Kd3 {[%clk 00:03:19]} {[%emt 00:00:08]} c5 {[%clk 00:01:38]}
{[%emt 00:01:39]} 61. Be5+ {[%clk 00:03:39]} {[%emt 00:00:10]} Kc6 {[%clk
00:01:52]} {[%emt 00:00:16]} 62. Kd2 {[%clk 00:03:59]} {[%emt 00:00:10]} Be6
{[%clk 00:02:16]} {[%emt 00:00:06]} 63. Bc2 {[%clk 00:04:20]} {[%emt 00:00:09]}
Nd6 {[%clk 00:01:53]} {[%emt 00:00:53]} 64. Be4+ {[%clk 00:04:29]} {[%emt
00:00:20]} Nxe4+ {[%clk 00:02:10]} {[%emt 00:00:13]} 65. fxe4 {[%clk 00:04:56]}
{[%emt 00:00:04]} b4 {[%clk 00:01:58]} {[%emt 00:00:42]} 66. f5 {[%emt
00:00:09]} Bg8 {[%clk 00:02:15]} {[%emt 00:00:07]} 67. Bg7 {[%clk 00:03:25]}
{[%emt 00:01:21]} c4 {[%clk 00:02:31]} 68. Ke3 {[%clk 00:03:25]} cxb3 {[%clk
00:02:31]} {[%emt 00:02:21]} 69. axb3 {[%clk 00:03:52]} Bxb3 {[%clk 00:02:38]}
{[%emt 00:00:26]} 70. Bf8 {[%clk 00:03:47]} Kd7 {[%clk 00:02:25]} {[%emt
00:01:17]} 71. Bxb4 {[%clk 00:04:10]} Ke8 {[%clk 00:01:17]} {[%emt 00:01:46]}
72. e5 {[%clk 00:03:58]} {[%emt 00:00:41]} b5 {[%clk 00:01:24]} {[%emt
00:00:23]} 73. e6 {[%clk 00:04:05]} {[%emt 00:00:24]} Bd1 {[%clk 00:01:42]}
{[%emt 00:00:11]} 74. Kf4 {[%clk 00:04:25]} {[%emt 00:00:10]} Be2 {[%clk
00:01:18]} {[%emt 00:00:54]} 75. f6 {[%clk 00:04:41]} {[%emt 00:00:14]} 1-0

[Event "POHÁR města Říčany 2023"]
[Site "Městské kulturní středisko U labutě"]
[Date "2023.08.28"]
[Round "4.2"]
[White "Horak, Martin"]
[Black "Pressler, Tobias"]
[Result "1-0"]
[WhiteFideId "367095"]
[BlackFideId "23715359"]
[WhiteElo "2302"]
[BlackElo "1912"]
[PlyCount "0"]
[EventDate "2023.08.26"]

1. e4 {[%clk 01:17:15]} {[%emt 00:13:43]} e6 {[%clk 01:30:05]} {[%emt
00:00:55]} 2. d4 {[%clk 01:16:10]} {[%emt 00:01:35]} d5 {[%clk 01:30:04]}
{[%emt 00:00:31]} 3. Nc3 {[%clk 01:16:36]} {[%emt 00:00:04]} Bb4 {[%clk
01:30:03]} {[%emt 00:00:31]} 4. Nge2 {[%clk 01:16:58]} {[%emt 00:00:07]} dxe4
{[%clk 01:19:39]} {[%emt 00:10:55]} 5. a3 {[%clk 01:17:22]} {[%emt 00:00:06]}
Bxc3+ {[%clk 01:19:50]} {[%emt 00:00:18]} 6. Nxc3 {[%clk 01:17:46]} {[%emt
00:00:06]} f5 {[%clk 01:20:14]} {[%emt 00:00:07]} 7. Qh5+ {[%clk 01:18:11]}
{[%emt 00:00:05]} g6 {[%clk 01:20:28]} {[%emt 00:00:16]} 8. Qh3 {[%clk
01:18:36]} {[%emt 00:00:05]} b6 {[%clk 01:15:08]} {[%emt 00:05:50]} 9. Bf4
{[%clk 01:15:14]} {[%emt 00:03:51]} Ba6 {[%clk 01:13:35]} {[%emt 00:02:04]} 10.
Bxa6 {[%clk 01:11:02]} {[%emt 00:04:43]} Nxa6 {[%clk 01:13:59]} {[%emt
00:00:06]} 11. Be5 {[%clk 01:11:15]} {[%emt 00:00:17]} Nf6 {[%clk 01:14:03]}
{[%emt 00:00:27]} 12. Nxe4 {[%clk 01:11:33]} {[%emt 00:00:12]} fxe4 {[%clk
01:01:25]} {[%emt 00:13:08]} 13. Qxe6+ {[%clk 01:11:56]} {[%emt 00:00:06]} Qe7
{[%clk 01:01:53]} {[%emt 00:00:02]} 14. Qc6+ {[%clk 01:11:26]} {[%emt
00:01:00]} Kf7 {[%clk 01:01:55]} {[%emt 00:00:28]} 15. Qc4+ {[%clk 01:11:47]}
{[%emt 00:00:09]} Qe6 {[%clk 01:01:42]} {[%emt 00:00:43]} 16. Qxa6 {[%clk
01:12:11]} {[%emt 00:00:06]} Rhd8 {[%clk 01:01:01]} {[%emt 00:01:11]} 17. O-O
{[%clk 01:10:04]} {[%emt 00:02:36]} Ng4 {[%clk 00:55:18]} {[%emt 00:06:13]} 18.
f4 {[%clk 00:59:09]} {[%emt 00:11:25]} Ne3 {[%clk 00:52:38]} {[%emt 00:03:11]}
19. Rf2 {[%clk 00:57:31]} {[%emt 00:02:08]} Nf5 {[%clk 00:52:58]} {[%emt
00:00:10]} 20. c3 {[%clk 00:55:46]} {[%emt 00:02:15]} c6 {[%clk 00:47:56]}
{[%emt 00:05:33]} 21. Qb7+ {[%clk 00:52:34]} {[%emt 00:03:41]} Qd7 {[%clk
00:48:16]} {[%emt 00:00:10]} 22. Qxd7+ {[%clk 00:52:36]} {[%emt 00:00:28]} Rxd7
{[%clk 00:48:42]} {[%emt 00:00:04]} 23. Re2 {[%clk 00:52:46]} {[%emt 00:00:20]}
Ke6 {[%clk 00:47:13]} {[%emt 00:02:00]} 24. g4 {[%clk 00:49:02]} {[%emt
00:04:13]} Nh6 {[%clk 00:46:13]} {[%emt 00:01:31]} 25. h3 {[%clk 00:49:00]}
{[%emt 00:00:31]} Kd5 {[%clk 00:46:20]} {[%emt 00:00:24]} 26. b3 {[%clk
00:49:04]} {[%emt 00:00:26]} b5 {[%clk 00:45:34]} {[%emt 00:01:16]} 27. Rc1
{[%clk 00:48:33]} {[%emt 00:01:00]} Rb7 {[%clk 00:43:39]} {[%emt 00:02:25]} 28.
c4+ {[%clk 00:48:05]} {[%emt 00:00:59]} bxc4 {[%clk 00:44:01]} {[%emt
00:00:09]} 29. bxc4+ {[%clk 00:48:31]} {[%emt 00:00:03]} Ke6 {[%clk 00:44:24]}
{[%emt 00:00:06]} 30. Rxe4 {[%clk 00:48:40]} {[%emt 00:00:21]} Ng8 {[%clk
00:44:44]} {[%emt 00:00:11]} 31. Re3 {[%clk 00:48:32]} {[%emt 00:00:38]} Kd7
{[%clk 00:44:24]} {[%emt 00:00:50]} 32. Rcc3 {[%clk 00:47:21]} {[%emt
00:01:41]} 1-0

[Event "POHÁR města Říčany 2023"]
[Site "Městské kulturní středisko U labutě"]
[Date "2023.08.28"]
[Round "4.3"]
[White "Skypala, Ondrej"]
[Black "Smolik, Jachym"]
[Result "0-1"]
[WhiteFideId "366285"]
[BlackFideId "23701641"]
[WhiteElo "2132"]
[BlackElo "2340"]
[PlyCount "0"]
[EventDate "2023.08.26"]

1. c4 {[%clk 01:30:48]} {[%emt 00:00:02]} c6 {[%clk 01:30:59]} {[%emt
00:00:10]} 2. g3 {[%clk 01:31:07]} {[%emt 00:00:11]} d5 {[%clk 01:31:24]}
{[%emt 00:00:05]} 3. Nf3 {[%clk 01:31:32]} {[%emt 00:00:05]} Nf6 {[%clk
01:31:45]} {[%emt 00:00:09]} 4. Bg2 {[%clk 01:31:57]} {[%emt 00:00:05]} dxc4
{[%clk 01:32:03]} {[%emt 00:00:12]} 5. O-O {[%clk 01:32:19]} {[%emt 00:00:08]}
Nbd7 {[%clk 01:32:26]} {[%emt 00:00:07]} 6. a4 {[%clk 01:28:18]} {[%emt
00:04:32]} a5 {[%clk 01:31:49]} {[%emt 00:01:06]} 7. Na3 {[%clk 01:28:40]}
{[%emt 00:00:07]} Nb6 {[%clk 01:31:58]} {[%emt 00:00:21]} 8. Qc2 {[%clk
01:29:04]} {[%emt 00:00:06]} Qd5 {[%clk 01:25:46]} {[%emt 00:06:42]} 9. Ne1
{[%clk 01:27:58]} {[%emt 00:01:37]} Qc5 {[%clk 01:16:45]} {[%emt 00:09:29]} 10.
d3 {[%clk 01:27:31]} {[%emt 00:00:59]} Nfd5 {[%clk 01:09:13]} {[%emt 00:08:02]}
11. dxc4 {[%clk 01:23:30]} {[%emt 00:04:32]} Nb4 {[%clk 01:09:35]} {[%emt
00:00:07]} 12. Qb3 {[%clk 01:23:51]} {[%emt 00:00:09]} Qh5 {[%clk 01:04:56]}
{[%emt 00:05:08]} 13. Be3 {[%clk 01:07:04]} {[%emt 00:17:18]} Nd7 {[%clk
01:05:22]} {[%emt 00:00:04]} 14. Nd3 {[%clk 01:02:46]} {[%emt 00:04:48]} e5
{[%clk 01:00:04]} {[%emt 00:05:48]} 15. Nc2 {[%clk 00:52:44]} {[%emt 00:10:31]}
Nxc2 {[%clk 00:46:53]} {[%emt 00:13:41]} 16. Qxc2 {[%clk 00:52:51]} {[%emt
00:00:23]} Bd6 {[%clk 00:43:24]} {[%emt 00:03:58]} 17. Rab1 {[%clk 00:47:36]}
{[%emt 00:05:46]} Nf6 {[%clk 00:38:56]} {[%emt 00:04:58]} 18. f3 {[%clk
00:44:33]} {[%emt 00:03:33]} O-O {[%clk 00:38:10]} {[%emt 00:01:16]} 19. Bb6
{[%clk 00:37:52]} {[%emt 00:07:11]} e4 {[%clk 00:30:41]} {[%emt 00:07:59]} 20.
Nf2 {[%clk 00:33:47]} {[%emt 00:04:33]} exf3 {[%clk 00:29:12]} {[%emt
00:02:00]} 21. Bxf3 {[%clk 00:31:18]} {[%emt 00:02:59]} Qg5 {[%clk 00:27:05]}
{[%emt 00:02:37]} 22. Rbd1 {[%clk 00:30:41]} {[%emt 00:01:07]} Bc5 {[%clk
00:25:23]} {[%emt 00:02:12]} 23. Bxc5 {[%clk 00:21:58]} {[%emt 00:09:12]} Qxc5
{[%clk 00:25:51]} {[%emt 00:00:03]} 24. Kg2 {[%clk 00:22:14]} {[%emt 00:00:15]}
Be6 {[%clk 00:24:54]} {[%emt 00:01:28]} 25. b3 {[%clk 00:22:34]} {[%emt
00:00:09]} Rae8 {[%clk 00:22:58]} {[%emt 00:02:26]} 26. Rfe1 {[%clk 00:17:48]}
{[%emt 00:05:17]} h5 {[%clk 00:22:12]} {[%emt 00:01:16]} 27. Nd3 {[%clk
00:16:48]} {[%emt 00:01:29]} Qe3 {[%clk 00:17:50]} {[%emt 00:04:51]} 28. Nf4
{[%clk 00:13:23]} {[%emt 00:03:56]} Ng4 {[%clk 00:14:34]} {[%emt 00:03:46]} 29.
Bxg4 {[%clk 00:11:08]} {[%emt 00:02:45]} Bxg4 {[%clk 00:14:22]} {[%emt
00:00:41]} 30. h4 {[%clk 00:09:02]} {[%emt 00:02:37]} Re5 {[%clk 00:09:13]}
{[%emt 00:05:39]} 31. Qd3 {[%clk 00:05:06]} {[%emt 00:04:26]} Rfe8 {[%clk
00:09:42]} {[%emt 00:00:01]} 32. Qxe3 {[%clk 00:04:04]} {[%emt 00:01:32]} Rxe3
{[%clk 00:10:10]} {[%emt 00:00:02]} 33. Rd3 {[%clk 00:04:12]} {[%emt 00:00:21]}
Bf5 {[%clk 00:08:59]} {[%emt 00:01:41]} 34. Rd4 {[%clk 00:03:57]} {[%emt
00:00:45]} g6 {[%clk 00:08:50]} {[%emt 00:00:40]} 35. Rf1 {[%clk 00:03:01]}
{[%emt 00:01:27]} Rxb3 {[%clk 00:07:39]} {[%emt 00:01:40]} 36. Nxh5 {[%clk
00:03:23]} {[%emt 00:00:08]} Rxe2+ {[%clk 00:07:38]} {[%emt 00:00:31]} 37. Kg1
{[%clk 00:03:49]} {[%emt 00:00:04]} Kf8 {[%clk 00:04:31]} {[%emt 00:03:37]} 38.
g4 {[%clk 00:03:22]} {[%emt 00:00:57]} Be4 {[%clk 00:04:03]} {[%emt 00:00:57]}
39. Rf2 {[%clk 00:01:31]} {[%emt 00:02:22]} Rb1+ {[%clk 00:04:31]} {[%emt
00:00:02]} 0-1

[Event "POHÁR města Říčany 2023"]
[Site "Městské kulturní středisko U labutě"]
[Date "2023.08.28"]
[Round "4.4"]
[White "Soucek, Petr"]
[Black "Rajnys, Vladimir"]
[Result "1-0"]
[WhiteFideId "23715170"]
[BlackFideId "308200"]
[WhiteElo "2268"]
[BlackElo "2025"]
[PlyCount "0"]
[EventDate "2023.08.26"]

1. e4 {[%clk 01:30:11]} {[%emt 00:00:49]} c5 {[%clk 01:30:52]} {[%emt
00:00:09]} 2. Nf3 {[%clk 01:30:33]} {[%emt 00:00:07]} d6 {[%clk 01:31:15]}
{[%emt 00:00:07]} 3. d4 {[%clk 01:30:53]} {[%emt 00:00:10]} cxd4 {[%clk
01:31:26]} {[%emt 00:00:18]} 4. Qxd4 {[%clk 01:31:17]} {[%emt 00:00:06]} Nc6
{[%clk 01:29:35]} {[%emt 00:02:21]} 5. Qe3 {[%clk 01:31:43]} {[%emt 00:00:05]}
Nf6 {[%clk 01:27:28]} {[%emt 00:02:37]} 6. Be2 {[%clk 01:32:07]} {[%emt
00:00:06]} e6 {[%clk 01:26:24]} {[%emt 00:01:35]} 7. c4 {[%clk 01:32:01]}
{[%emt 00:00:35]} Be7 {[%clk 01:25:43]} {[%emt 00:01:10]} 8. O-O {[%clk
01:32:12]} {[%emt 00:00:20]} O-O {[%clk 01:25:18]} {[%emt 00:00:55]} 9. Nc3
{[%clk 01:32:22]} {[%emt 00:00:20]} a6 {[%clk 01:21:25]} {[%emt 00:04:23]} 10.
Rd1 {[%clk 01:28:51]} {[%emt 00:04:01]} Qc7 {[%clk 01:21:32]} {[%emt 00:00:23]}
11. b3 {[%clk 01:28:20]} {[%emt 00:01:02]} Rb8 {[%clk 01:18:37]} {[%emt
00:03:25]} 12. Ba3 {[%clk 01:26:57]} {[%emt 00:01:52]} Rd8 {[%clk 01:14:49]}
{[%emt 00:04:18]} 13. Rac1 {[%clk 01:20:52]} {[%emt 00:06:35]} Qa5 {[%clk
01:12:46]} {[%emt 00:02:33]} 14. Bb2 {[%clk 01:20:18]} {[%emt 00:01:04]} Bd7
{[%clk 01:06:42]} {[%emt 00:06:35]} 15. a3 {[%clk 01:18:32]} {[%emt 00:02:17]}
Qc5 {[%clk 00:45:30]} {[%emt 00:21:41]} 16. Qf4 {[%clk 00:54:35]} {[%emt
00:24:29]} Be8 {[%clk 00:39:06]} {[%emt 00:06:54]} 17. h3 {[%clk 00:44:59]}
{[%emt 00:10:06]} Qa7 {[%clk 00:33:31]} {[%emt 00:06:05]} 18. b4 {[%clk
00:43:32]} {[%emt 00:01:57]} Rbc8 {[%clk 00:30:30]} {[%emt 00:03:32]} 19. Rc2
{[%clk 00:36:53]} {[%emt 00:07:08]} Qb8 {[%clk 00:26:29]} {[%emt 00:04:31]} 20.
Qe3 {[%clk 00:24:50]} {[%emt 00:12:33]} Nd7 {[%clk 00:23:31]} {[%emt 00:03:27]}
21. Rcc1 {[%clk 00:24:22]} {[%emt 00:00:59]} Nde5 {[%clk 00:22:32]} {[%emt
00:01:29]} 22. Nd2 {[%clk 00:24:22]} {[%emt 00:00:30]} Qa7 {[%clk 00:20:21]}
{[%emt 00:02:41]} 23. Qxa7 {[%clk 00:23:21]} {[%emt 00:01:31]} Nxa7 {[%clk
00:20:49]} {[%emt 00:00:02]} 24. f4 {[%clk 00:23:27]} {[%emt 00:00:24]} Nd7
{[%clk 00:16:57]} {[%emt 00:04:22]} 25. Nb3 {[%clk 00:23:27]} {[%emt 00:00:30]}
Nb6 {[%clk 00:13:38]} {[%emt 00:03:49]} 26. Na5 {[%clk 00:23:31]} {[%emt
00:00:27]} Rc7 {[%clk 00:13:29]} {[%emt 00:00:40]} 27. Bd3 {[%clk 00:16:17]}
{[%emt 00:07:44]} Na4 {[%clk 00:11:32]} {[%emt 00:02:27]} 28. Nxa4 {[%clk
00:14:07]} {[%emt 00:02:40]} Bxa4 {[%clk 00:12:00]} {[%emt 00:00:02]} 29. Bc2
{[%clk 00:14:29]} {[%emt 00:00:09]} Bxc2 {[%clk 00:07:59]} {[%emt 00:04:30]} 30.
Rxc2 {[%clk 00:14:58]} {[%emt 00:00:01]} b6 {[%clk 00:07:54]} {[%emt 00:00:35]}
31. Nb3 {[%clk 00:15:22]} {[%emt 00:00:05]} Nc6 {[%clk 00:07:35]} {[%emt
00:00:49]} 32. Kf2 {[%clk 00:09:09]} {[%emt 00:06:44]} Rdc8 {[%clk 00:05:55]}
{[%emt 00:02:09]} 33. Rdc1 {[%clk 00:09:16]} {[%emt 00:00:23]} Kf8 {[%clk
00:05:46]} {[%emt 00:00:39]} 34. Ke3 {[%clk 00:09:26]} {[%emt 00:00:20]} Bf6
{[%clk 00:05:52]} {[%emt 00:00:25]} 35. Bxf6 {[%clk 00:09:07]} {[%emt
00:00:49]} gxf6 {[%clk 00:06:20]} {[%emt 00:00:02]} 36. Kd3 {[%clk 00:06:34]}
{[%emt 00:03:03]} Ke7 {[%clk 00:06:04]} {[%emt 00:00:46]} 37. b5 {[%clk
00:06:04]} {[%emt 00:01:00]} Nb8 {[%clk 00:04:40]} {[%emt 00:01:54]} 38. Nd4
{[%clk 00:06:16]} {[%emt 00:00:18]} a5 {[%clk 00:02:07]} {[%emt 00:03:03]} 39.
g4 {[%clk 00:06:11]} {[%emt 00:00:35]} Rg8 {[%clk 00:01:38]} {[%emt 00:00:59]}
40. Rg1 {[%clk 00:05:53]} {[%emt 00:00:48]} Rgc8 {[%clk 00:02:01]} {[%emt
00:00:06]} 41. h4 {[%clk 00:05:32]} {[%emt 00:00:51]} Rd8 {[%clk 00:01:34]}
{[%emt 00:00:57]} 42. g5 {[%clk 00:05:23]} {[%emt 00:00:38]} d5 {[%clk
00:00:48]} {[%emt 00:01:16]} 43. gxf6+ {[%clk 00:05:35]} {[%emt 00:00:18]} Kxf6
{[%clk 00:01:06]} {[%emt 00:00:13]} 44. e5+ {[%clk 00:05:51]} {[%emt 00:00:15]}
Ke7 {[%clk 00:01:29]} {[%emt 00:00:06]} 45. cxd5 {[%clk 00:06:13]} {[%emt
00:00:08]} 1-0